Türkiye'ye sözüm var (Record no. 8331)

MARC details
000 -BAŞLIK
Sabit Uzunlukta Kontrol Alanı 01109na a2200325 4500
001 - KONTROL NUMARASI
Denetim Alanı 15003
003 - KONTROL NUMARASI IDENTIFIER
Denetim Alanı MIRAKIL
005 - SON İŞLEM TARİHİ VE ZAMANI
Denetim Alanı 20181213155207.0
008 - SABİT-BOY VERİ ELEMANLARI - GENEL BİLGİLER
Sabit Uzunlukta Kontrol Alanı 161005b tu 000 0
020 ## - ULUSLARARASI STANDART KİTAP NUMARASI
Uluslararası Standart Kitap Numarası 9789750405853
035 ## - SİSTEM KONTROL NUMARASI
Sistem Kontrol Numarası 15003
040 ## - KATALOGLAMA KAYNAK
Orijinal Kataloglama Ajansı Milas
Kataloglama Dili tur
Metne Dönüştürmek Ajansı TR-AnCHP
041 ## - DİL KODU
Metin / Ses Parça Veya Ayrı Başlığın Dil Kodu tur
082 ## - DEWEY ONLU SINIFLANDIRMA NUMARASI
Sınıflandırma Numarası CHP 324.092
Ürün Numarası K44t 2011
090 ## - SINIFLAMA NUMARASI
Sınıflama Numarası CHP 324.092 K44t 2011
100 ## - ANA GİRİŞ - KİŞİSEL İSİM
Kişisel Ad Kılıçdaroğlu, Kemal
245 ## - BAŞLIK TABLOSU
Başlık Türkiye'ye sözüm var
Başlığın Kalan Oktay Ekşi ile Nehir söyleşi
Sorumluluk Tablosu, Vb Kemal Kılıçdaroğlu ; söyleşi Oktay Ekşi
246 ## - UNVAN FORM VARYING
Başlık Doğru / Kısa Başlığı Oktay Ekşi ile Nehir söyleşi
260 ## - YAYIN, DAĞITIM, VB
Yayın, Dağıtım, Vb Yeri Ankara
Yayıncı, Dağıtıcı, Vs Adı Literatür
Yayın, Dağıtım, Vb Tarihi 2011
300 ## - FİZİKSEL TANIM
Kapsam xi, 155 s.
Boyutlar 20 sm.
500 ## - GENEL NOT
Genel Not Kitap yazarından imzalıdır.
600 ## - KONU KATMA GİRİŞ - KURUMSAL ADI
Kişisel Ad Kılıçdaroğlu, Kemal
Başlıklar Ve Bir Adla İlişkili Diğer Kelimeler CHP Genel Başkanı
Genel Alt Bölümü Siyasal ve sosyal görüşler
Kronolojik Alt Bölümü Söyleşiler
610 ## - KONU KATMA GİRİŞ - TOPLANTI ADI
Giriş Elemanı Olarak Kurumsal Ad Veya Yargı Alanı Adı Cumhuriyet Halk Partisi (CHP)
Genel Alt Bölüm Siyaset ve yönetim
650 ## - KONU KATMA GİRİŞ - TOPİKAL DÖNEM
Topikal Süreli Veya Coğrafi Ad Giriş Elemanı Siyasetçiler
Genel Alt Bölümü Söyleşiler
650 ## - KONU KATMA GİRİŞ - TOPİKAL DÖNEM
Topikal Süreli Veya Coğrafi Ad Giriş Elemanı CHP
Genel Alt Bölümü Başkanlar
Kronolojik Alt Bölümü Söyleşiler
650 ## - KONU KATMA GİRİŞ - TOPİKAL DÖNEM
Topikal Süreli Veya Coğrafi Ad Giriş Elemanı Siyaset
Genel Alt Bölümü Söyleşiler
Coğrafi Alt Bölümü Türkiye
651 ## - KONU KATMA GİRİŞ - COĞRAFİ ADI
Coğrafi İsim Türkiye
Genel Alt Bölümü Siyaset ve yönetim
Kronolojik Alt Bölümü 2002-
700 ## - KATMA GİRİŞ - KİŞİSEL İSİM
Kişisel Ad Ekşi, Oktay
942 ## - EKLENDİ GİRİŞ ELEMANLARI (KOHA)
Sınıflandırma Veya Raf Düzeni Kaynak
Koha Öğesi Türü Books
999 ## - SİSTEM KONTROL NUMARALARI (KOHA)
Koha Biblionumber 8331
Koha Biblioitemnumber 8331
Holdings
Kalıcı Konum Mevcut Konum Edinme Tarihi Edinim Kaynak Toplam Check-Out'Lar Tam Çağrı Numarası Barkod Tarih Son Görülme İtibaren Geçerli Fiyatlar Koha Öğesi Türü Kopya Sayısı
CHP Kütüphanesi CHP Kütüphanesi 09/02/2016 Bağış   CHP 324.092 K44t 2011 002846 09/02/2016 09/02/2016 Books  
CHP Kütüphanesi CHP Kütüphanesi 09/02/2016 Bağış   CHP 324.092 K44t 2011 002847 09/02/2016 09/02/2016 Books k.2
CHP Kütüphanesi CHP Kütüphanesi 09/02/2016 Bağış   CHP 324.092 K44t 2011 002848 09/02/2016 09/02/2016 Books k.3
CHP Kütüphanesi CHP Kütüphanesi 09/02/2016 Bağış   CHP 324.092 K44t 2011 002849 09/02/2016 09/02/2016 Books k.4
CHP Kütüphanesi CHP Kütüphanesi 09/02/2016 Bağış   CHP 324.092 K44t 2011 002850 09/02/2016 09/02/2016 Books k.5
CHP Kütüphanesi CHP Kütüphanesi 09/02/2016 Bağış   CHP 324.092 K44t 2011 002851 09/02/2016 09/02/2016 Books k.6
CHP Kütüphanesi CHP Kütüphanesi 09/02/2016 Bağış   CHP 324.092 K44t 2011 002852 09/02/2016 09/02/2016 Books k.7
CHP Kütüphanesi CHP Kütüphanesi 09/02/2016 Bağış   CHP 324.092 K44t 2011 002853 09/02/2016 09/02/2016 Books k.8